100 Biggest Cities of Colombia on a Map - Statistics

General Stats
  • This quiz has been taken 729 times
  • The average score is 49 of 100
Answers on the Map
Answers color-coded by a green-red scale on the quiz's map according to % correct below.
 
Answer Stats
Population City % Correct
7,876,000 Bogotá
99%
2,234,400 Cali
98%
2,553,600 Medellín
98%
1,322,900 Barranquilla
97%
931,500 Cartagena
94%
605,000 Bucaramanga
89%
777,400 Cúcuta
87%
496,800 Santa Marta
87%
319,700 Pasto
85%
531,600 Villavicencio
81%
406,700 Pereira
80%
503,600 Ibagué
79%
300,200 Armenia
76%
430,300 Manizales
76%
278,000 Popayán
76%
490,300 Valledupar
76%
249,700 Buenaventura
75%
407,500 Montería
75%
354,800 Neiva
74%
778,400 Soacha
74%
177,700 Tunja
72%
163,500 Riohacha
70%
188,200 Barrancabermeja
69%
273,100 Sincelejo
69%
675,100 Soledad
69%
546,900 Bello
68%
121,700 Quibdó
68%
273,400 Itagüí
66%
157,300 Florencia
65%
85,300 Arauca
63%
238,600 Envigado
63%
164,900 Yopal
62%
133,900 Chía
61%
285,400 Palmira
61%
95,200 Rionegro
59%
89,700 Tumaco
58%
323,300 Floridablanca
57%
80,400 Ipiales
57%
131,900 Zipaquirá
56%
128,600 Madrid
54%
121,300 Sogamoso
54%
58,500 Turbo
53%
115,600 Girardot
52%
190,000 Tuluá
51%
114,100 Buga
48%
130,000 Maicao
48%
144,100 Fusagasugá
47%
149,500 Mosquera
46%
138,200 Cartago
44%
215,600 Dosquebradas
44%
117,200 Duitama
44%
109,900 Funza
43%
156,000 Facatativá
42%
94,400 Yumbo
42%
110,700 Apartadó
41%
116,700 Ciénaga
41%
70,500 Cajicá
40%
142,000 Jamundí
38%
121,000 Ocaña
38%
77,900 Pitalito
38%
158,200 Piedecuesta
37%
70,000 Caldas
36%
155,700 Girón
36%
78,900 Sabaneta
36%
55,100 San Gil
36%
53,600 Santander de Quilichao
36%
53,200 Chiquinquirá
35%
67,500 La Estrella
35%
109,800 Aguachica
34%
67,500 Santa Rosa de Cabal
33%
133,200 Malambo
32%
104,600 Turbaco
32%
86,700 Caucasia
31%
69,300 Copacabana
31%
52,500 Pamplona
31%
54,500 Santa Cruz de Lorica
30%
72,300 Acacías
29%
61,500 La Ceja
29%
66,200 La Dorada
29%
59,500 Calarcá
27%
77,600 Sabanalarga
26%
50,500 Marinilla
24%
112,000 Villa del Rosario
24%
62,100 Cereté
23%
54,300 El Espinal
23%
62,600 Fundación
23%
98,300 Magangué
23%
55,500 Sahagún
22%
60,900 Villamaría
22%
52,800 Chigorodó
20%
100,500 Los Patios
20%
52,900 Corozal
19%
58,500 Arjona
18%
54,500 El Carmen de Bolívar
18%
62,800 Granada
18%
63,500 Montelíbano
18%
54,500 Agustín Codazzi
17%
63,100 Galapa
16%
52,800 Plato
16%
57,600 Baranoa
14%
No matching quizzes found
Score Distribution
Percent of People with Each Score
Percentile by Number Answered
Your Score History
You have not taken this quiz